01021nam a2200265Ia 450000500170000000800410001702000180005804100080007608200130008424502050009725000180030230000250032049000520034565000460039765000330044365000330047670000470050994200120055626400490056833600270061733700330064433800280067704000350070599900150074020220317001803.0170328s2016 m g 000 0 s  a9786071640444 aspa04a370bE5700aEnseñanza y aprendizaje en el siglo XXIbmetas, políticas educativas y currículo en seis paísesceditores Fernando M. Reimers, Connie K. Chung ; traducción Roberto Arriaga... [y otros siete] a1a. edición a325 páginasc21 cm aSección de obras de educación y pedagogía142LEMBaMétodos de enseñanzaySiglo XXI142LEMBaPedagogíaySiglo XXI142LEMBaEducaciónySiglo XXI1 aReimers, FernandoeArriaga, Roberto990798 2ddccBK aMéxicobFondo de Cultura Económicac2016 atextobtxt2rdacontent asin mediaciónbn2rdamedia avolumenbnc2rdacarrier aCO-BoRNBPbspaerdacCO-BoRNBP c8094d8094